| 000 -LEADER |
| fixed length control field |
00844cam a2200265 a 4500 |
| 001 - CONTROL NUMBER |
| control field |
13283 |
| 003 - CONTROL NUMBER IDENTIFIER |
| control field |
BD-DhUAP |
| 005 - DATE AND TIME OF LATEST TRANSACTION |
| control field |
20210119130045.0 |
| 008 - FIXED-LENGTH DATA ELEMENTS--GENERAL INFORMATION |
| fixed length control field |
040518s2004 ii b 001 0 eng |
| 025 ## - OVERSEAS ACQUISITION NUMBER |
| Overseas acquisition number |
P-E-2004343679; 33 |
| 035 ## - SYSTEM CONTROL NUMBER |
| System control number |
(DLC) 2004343679 |
| 040 ## - CATALOGING SOURCE |
| Original cataloging agency |
DLC |
| Transcribing agency |
DLC |
| Modifying agency |
BD-DhUAP |
| Language of cataloging |
Eng |
| 082 ## - DEWEY DECIMAL CLASSIFICATION NUMBER |
| Edition number |
23 |
| Classification number |
340.59 RAH |
| 100 1# - MAIN ENTRY--PERSONAL NAME |
| Personal name |
Rahim, Abdur. |
| 245 14 - TITLE STATEMENT |
| Title |
The principles of Muhammadan jurisprudence : |
| Remainder of title |
according to the Hanafi, Maliki, Shafi and Hanbali schools / |
| Statement of responsibility, etc. |
Abdur Rahim ; with Introduction by K.A Syed Husain. |
| 250 ## - EDITION STATEMENT |
| Edition statement |
2nd ed. |
| 260 ## - PUBLICATION, DISTRIBUTION, ETC. |
| Place of publication, distribution, etc. |
Faridabad : |
| Name of publisher, distributor, etc. |
Allahabad Law Agency, |
| Date of publication, distribution, etc. |
c2004. |
| 300 ## - PHYSICAL DESCRIPTION |
| Extent |
xii, 323 pages ; |
| Dimensions |
25 cm. |
| 500 ## - GENERAL NOTE |
| General note |
Includes index. |
| 650 #0 - SUBJECT ADDED ENTRY--TOPICAL TERM |
| Topical term or geographic name entry element |
Islamic law. |
| 650 #0 - SUBJECT ADDED ENTRY--TOPICAL TERM |
| Topical term or geographic name entry element |
Jurisprudence. |
| 650 #0 - SUBJECT ADDED ENTRY--TOPICAL TERM |
| Topical term or geographic name entry element |
Domestic relations (Islamic law). |
| 700 ## - ADDED ENTRY--PERSONAL NAME |
| Personal name |
Husain, K.A Syed. |
| 942 ## - ADDED ENTRY ELEMENTS (KOHA) |
| Source of classification or shelving scheme |
|
| Koha item type |
Book |